Would I Lie To You Contestants by Number of Appearances - Statistics

General Stats
  • This quiz has been taken 393 times
    317 since last reset
  • The average score is 12 of 30
Answer Stats
Appearances Contestant % Correct
135 David Mitchell
95%
134 Lee Mack
94%
10 Bob Mortimer
92%
5 Greg Davies
71%
3 James Acaster
62%
7 Claudia Winkleman
61%
9 Rhod Gilbert
61%
10 Richard Osman
58%
8 Jo Brand
47%
5 Henning Wehn
43%
4 Jimmy Carr
42%
6 Gabby Logan
41%
4 Jon Richardson
40%
6 Miles Jupp
35%
4 Josh Widdicombe
32%
4 Sara Pascoe
32%
4 Alex Jones
31%
5 Sarah Millican
29%
5 Miranda Hart
25%
4 Mel Giedroyc
24%
3 Joe Lycett
22%
3 Frankie Boyle
20%
3 Hugh Dennis
19%
7 Jason Manford
19%
4 Dara Ó Briain
17%
3 Jack Whitehall
17%
3 Chris McCausland
16%
3 Russell Howard
16%
5 Stephen Mangan
13%
3 Clare Balding
12%
No matching quizzes found
Score Distribution
Percent of People with Each Score
Percentile by Number Answered
Your Score History
You have not taken this quiz since the last reset